| 000 | 00426 a2200145 4500 | ||
|---|---|---|---|
| 999 |
_c12087 _d12087 |
||
| 003 | OSt | ||
| 005 | 20240110131553.0 | ||
| 008 | 240110b ||||| |||| 00| 0 eng d | ||
| 020 | _a9788180903007 | ||
| 082 |
_a726.14509544 _bDHA |
||
| 100 | _aAmbika Dhaka | ||
| 245 |
_aBrahmanical temple art and architecture in Hadoti : _bfrom earliest times to seventh century A.D |
||
| 260 |
_bBharatiya Kala Prakashan _c2010 |
||
| 942 | _2ddc | ||